Essentials of parliamentary procedure (Record no. 427178)

000 -LEADER
fixed length control field 00399cam a22001337a 4500
008 - FIXED-LENGTH DATA ELEMENTS--GENERAL INFORMATION
fixed length control field 180718b1944 xxu||||| |||| 00| 0 eng d
082 ## - DEWEY DECIMAL CLASSIFICATION NUMBER
Classification number G5 M787
100 ## - MAIN ENTRY--PERSONAL NAME
Personal name Moore, Zoe Steen
245 ## - TITLE STATEMENT
Title Essentials of parliamentary procedure
Statement of responsibility, etc. by Zoe Steen Moore and John B. Moore
260 ## - PUBLICATION, DISTRIBUTION, ETC.
Place of publication, distribution, etc. New York
Name of publisher, distributor, etc. Harper & brothers
Date of publication, distribution, etc. 1944
300 ## - PHYSICAL DESCRIPTION
Extent 221p
650 ## - SUBJECT ADDED ENTRY--TOPICAL TERM
Topical term or geographic name entry element Parliamentary practice
700 ## - ADDED ENTRY--PERSONAL NAME
Personal name Moore, John B.
Holdings
Withdrawn status Lost status Damaged status Not for loan Permanent Location Current Location Date acquired Full call number Barcode Date last seen Price effective from Koha item type
        Indian Institute of Public Administration Indian Institute of Public Administration 2009-11-12 G5 M787 10356 2018-07-21 2018-07-21 Book

Powered by Koha